000 00922cab a2200229 4500
001 ##L135245
008 061006n2006 000 0 eng u
035 _a(Sirsi) u135245
041 0 _aeng
050 0 4 _a333.33 $2 18
110 2 _aDTZ Research
_93886
245 0 0 _aUK property market overview Q2 2006
260 _aLondon
_bDTZ
_c2006
490 0 _aDTZ UK Property Market Overview
_vSecond Quarter 2006
520 _aProvides information on developments in the commercial property market, as well as the property investment market in the UK in the first quarter of 2006. Discusses total returns and rental growth for each sector.
590 _aIKA171006
650 2 4 _aDTZ UK PROPERTY MARKET OVERVIEW
651 4 _aUnited Kingdom
_y
690 _aPROPERTY-COMMERCIAL PROPERTY-COMMERCIAL PROPERTY MARKET
856 4 0 _uhttps://www.dtz.com
_zView the report for a charge of £375 at www.dtz.com...
942 _n0
999 _c105963
_d105963